| 000 | 00889nam a2200205 i 4500 | ||
|---|---|---|---|
| 001 | 158749 | ||
| 003 | ES-MaACL | ||
| 005 | 20230906211310.0 | ||
| 008 | 950306m18611876sp |||| | spa d | ||
| 100 | 1 |
_aMarichalar, Amalio _cMarqués de Montesa. _976703 |
|
| 245 | 1 | 0 |
_aHistoria de la legislación y recitaciones del derecho civil de España / _cpor Amalio Marichalar, marqués de Montesa y Cayetano Manrique. |
| 260 |
_aMadrid : _b[s.n.], _c1861-1872 ( _fImp. Nacional) |
||
| 300 |
_a9 v. ; _c22 cm. |
||
| 510 | 4 |
_aPalau, _c151792 |
|
| 596 | _aEn cub. del v. IX consta el año 1876. | ||
| 597 | _aI (LXXVI, 483 p. ) - II (559 p.) - III (556 p.) - IV (573 p.) - V (564 p.) - VI (564 p.) - VII (567 p.) - VIII (539 p.) - IX (773 p.) | ||
| 650 |
_aDerecho civil- _zEspaña- _vHistoria. _911661 |
||
| 700 | 1 |
_aManrique, Cayetano. _976093 |
|
| 852 |
_aES-MaACL _jG-14405-13 _z- Enc hol. |
||
| 999 |
_c158749 _d158749 |
||